Quizzes
Events
Quiz Creation
Community
Videos
Private Events
Remove Ads
Sign In
Join for FREE
Feedback
Dark Mode
Quiz Categories
Sports
Geography
Music
Movies
Television
Just For Fun
Miscellaneous
History
Literature
Language
Science
Gaming
Entertainment
Religion
Holiday
For Kids
Quiz Lab
Recent
Popular Today
Quiz Kudos Today
Editor Picks
Curator Picks
Quizzes by...
Day
Popularity
Type
Ratings
Length
Year
Community
Subscriptions
Recent Discussions
Orange Saloon
Badges
Playlists
Quests
Create
Leaderboards
Showdown
Live 5
Trivia Bingo
Activity
Puzzle Library
Sporcle Events
Private Events
Virtual Trivia
Globe League
Become a Host
Pub Owners
SporcleCon
Opinionation
Our Games
Videos
Blog
Mobile Apps
Partnerships
Remove Ads and Go Orange
Feedback
Sports
Athletes
MLB
NBA
NHL
NFL
Soccer
Sports Teams
WWE
NCAA
Football
Premier League
Basketball
Baseball
Hockey
Golf
Tennis
Cricket
Rugby
Auto Racing
Olympics
World Cup
Sports
Athletes
MLB
NBA
NHL
NFL
Soccer
Sports Teams
WWE
NCAA
Football
Premier League
Basketball
Baseball
Hockey
Golf
Tennis
Cricket
Rugby
Auto Racing
Olympics
World Cup
Random Quiz
Search Sporcle
×
Quiz Lab
Quiz Lab
Sports
Basketball
Type in answers that appear in a list
Type in answers that appear in a list
Classic
Best Score? Go Orange.
NBA 2000's Stats
Can you name the NBA Top 5 of the 2000's?
By
birdman2188
12m
200 Questions
703 Plays
703 Plays
703 Plays
Comments
Comments
Give Quiz Kudos
Give Quiz Kudos
-
- Ratings
hide this ad
Replay
Link that replays current quiz
Next Quiz
Link to next quiz in quiz playlist
You Got
0%
They Got
Avg Score
79%
Avg Friend Score
Upgrade to see
Score Distribution
Jump to the score distribution portion of the page
Score
0/200
Timer
12:00
0
Plays Today
09-10
Record
% Correct
2009-
10 (Record)
Los Angeles Lakers
99.4%
2008-
09 (Record)
Los Angeles Lakers
99.4%
2007-
08 (Record)
Los Angeles Lakers
99.4%
2003-
04 (Record)
Los Angeles Lakers
99.4%
2001-
02 (Record)
Los Angeles Lakers
99.4%
2000-
01 (Record)
Los Angeles Lakers
99.4%
2008-
09 (Record)
Boston Celtics
98.4%
2007-
08 (Record)
Boston Celtics
98.4%
2009-
10 (PPG)
LeBron James
97.7%
2008-
09 (PPG)
LeBron James
97.7%
2007-
08 (PPG)
LeBron James
97.7%
2006-
07 (PPG)
LeBron James
97.7%
2005-
06 (PPG)
LeBron James
97.7%
2004-
05 (PPG)
LeBron James
97.7%
2009-
10 (PPG)
Kobe Bryant
97.4%
2008-
09 (PPG)
Kobe Bryant
97.4%
2007-
08 (Record)
San Antonio Spurs
97.4%
2007-
08 (PPG)
Kobe Bryant
97.4%
2006-
07 (Record)
San Antonio Spurs
97.4%
2006-
07 (PPG)
Kobe Bryant
97.4%
2005-
06 (Record)
San Antonio Spurs
97.4%
2005-
06 (PPG)
Kobe Bryant
97.4%
2004-
05 (Record)
San Antonio Spurs
97.4%
2004-
05 (PPG)
Kobe Bryant
97.4%
2003-
04 (Record)
San Antonio Spurs
97.4%
2003-
04 (PPG)
Kobe Bryant
97.4%
2002-
03 (Record)
San Antonio Spurs
97.4%
2002-
03 (PPG)
Kobe Bryant
97.4%
2001-
02 (Record)
San Antonio Spurs
97.4%
2000-
01 (Record)
San Antonio Spurs
97.4%
2000-
01 (PPG)
Kobe Bryant
97.4%
2009-
10 (Record)
Dallas Mavericks
96.4%
2006-
07 (Record)
Dallas Mavericks
96.4%
2005-
06 (Record)
Dallas Mavericks
96.4%
2004-
05 (Record)
Dallas Mavericks
96.4%
2002-
03 (Record)
Dallas Mavericks
96.4%
2001-
02 (Record)
Dallas Mavericks
96.4%
2009-
10 (Record)
Cleveland Cavaliers
95.3%
2008-
09 (Record)
Cleveland Cavaliers
95.3%
2009-
10 (APG)
Steve Nash
95.2%
2008-
09 (APG)
Steve Nash
95.2%
2007-
08 (APG)
Steve Nash
95.2%
2006-
07 (APG)
Steve Nash
95.2%
2005-
06 (APG)
Steve Nash
95.2%
2004-
05 (APG)
Steve Nash
95.2%
2003-
04 (APG)
Steve Nash
95.2%
2009-
10 (RPG)
Dwight Howard
94.3%
2008-
09 (RPG)
Dwight Howard
94.3%
2007-
08 (RPG)
Dwight Howard
94.3%
2006-
07 (RPG)
Dwight Howard
94.3%
2005-
06 (RPG)
Dwight Howard
94.3%
2009-
10 (Record)
Orlando Magic
93.6%
2008-
09 (Record)
Orlando Magic
93.6%
2002-
03 (PPG)
Shaquille O'Neal
93%
2002-
03 (RPG)
Jermaine O'Neal
93%
2001-
02 (PPG)
Shaquille O'Neal
93%
2000-
01 (PPG)
Shaquille O'Neal
93%
2000-
01 (RPG)
Shaquille O'Neal
93%
2009-
10 (PPG)
Kevin Durant
92.6%
2009-
10 (APG)
Jason Kidd
92.6%
2008-
09 (APG)
Jason Kidd
92.6%
2007-
08 (APG)
Jason Kidd
92.6%
2006-
07 (APG)
Jason Kidd
92.6%
2005-
06 (APG)
Jason Kidd
92.6%
2004-
05 (APG)
Jason Kidd
92.6%
2003-
04 (APG)
Jason Kidd
92.6%
2002-
03 (APG)
Jason Kidd
92.6%
09-10
Record
% Correct
2001-
02 (APG)
Jason Kidd
92.6%
2000-
01 (APG)
Jason Kidd
92.6%
2009-
10 (PPG)
Dwyane Wade
91.6%
2008-
09 (PPG)
Dwyane Wade
91.6%
2005-
06 (PPG)
Dwyane Wade
91.6%
2005-
06 (Record)
Miami Heat
91.5%
2004-
05 (Record)
Miami Heat
91.5%
2007-
08 (Record)
Detroit Pistons
90%
2006-
07 (Record)
Detroit Pistons
90%
2005-
06 (Record)
Detroit Pistons
90%
2004-
05 (Record)
Detroit Pistons
90%
2002-
03 (Record)
Detroit Pistons
90%
2009-
10 (PPG)
Carmelo Anthony
89.5%
2007-
08 (PPG)
Carmelo Anthony
89.5%
2006-
07 (PPG)
Carmelo Anthony
89.5%
2007-
08 (PPG)
Allen Iverson
89.3%
2005-
06 (PPG)
Allen Iverson
89.3%
2004-
05 (PPG)
Allen Iverson
89.3%
2004-
05 (APG)
Allen Iverson
89.3%
2002-
03 (PPG)
Allen Iverson
89.3%
2001-
02 (PPG)
Allen Iverson
89.3%
2000-
01 (PPG)
Allen Iverson
89.3%
2009-
10 (Record)
Phoenix Suns
89.2%
2006-
07 (Record)
Phoenix Suns
89.2%
2005-
06 (Record)
Phoenix Suns
89.2%
2004-
05 (Record)
Phoenix Suns
89.2%
2009-
10 (APG)
Chris Paul
88.9%
2008-
09 (APG)
Chris Paul
88.9%
2007-
08 (APG)
Chris Paul
88.9%
2006-
07 (APG)
Chris Paul
88.9%
2008-
09 (RPG)
Tim Duncan
87.8%
2007-
08 (RPG)
Tim Duncan
87.8%
2006-
07 (RPG)
Kevin Garnett
87.8%
2005-
06 (RPG)
Kevin Garnett
87.8%
2005-
06 (RPG)
Tim Duncan
87.8%
2004-
05 (RPG)
Kevin Garnett
87.8%
2003-
04 (PPG)
Kevin Garnett
87.8%
2003-
04 (RPG)
Kevin Garnett
87.8%
2003-
04 (RPG)
Tim Duncan
87.8%
2002-
03 (RPG)
Kevin Garnett
87.8%
2002-
03 (RPG)
Tim Duncan
87.8%
2001-
02 (PPG)
Tim Duncan
87.8%
2001-
02 (RPG)
Tim Duncan
87.8%
2001-
02 (RPG)
Kevin Garnett
87.8%
2000-
01 (RPG)
Tim Duncan
87.8%
2009-
10 (APG)
Deron Williams
87.2%
2008-
09 (APG)
Deron Williams
87.2%
2007-
08 (APG)
Deron Williams
87.2%
2006-
07 (APG)
Deron Williams
87.2%
2002-
03 (APG)
Jason Williams
87.1%
2005-
06 (RPG)
Ben Wallace
86.9%
2004-
05 (RPG)
Ben Wallace
86.9%
2003-
04 (PPG)
Tracy McGrady
86.9%
2003-
04 (RPG)
Ben Wallace
86.9%
2002-
03 (PPG)
Tracy McGrady
86.9%
2002-
03 (RPG)
Ben Wallace
86.9%
2001-
02 (PPG)
Tracy McGrady
86.9%
2001-
02 (RPG)
Ben Wallace
86.9%
2000-
01 (RPG)
Ben Wallace
86.9%
2000-
01 (Record)
Utah Jazz
80.8%
2008-
09 (PPG)
Dirk Nowitzki
80.4%
2004-
05 (PPG)
Dirk Nowitzki
80.4%
2001-
02 (Record)
New Jersey Nets
80.2%
2006-
07 (Record)
Houston Rockets
79.4%
2003-
04 (Record)
Indiana Pacers
78.4%
2003-
04 (Record)
Sacramento Kings
78.2%
2002-
03 (Record)
Sacramento Kings
78.2%
09-10
Record
% Correct
2001-
02 (Record)
Sacramento Kings
78.2%
2000-
01 (Record)
Sacramento Kings
78.2%
2008-
09 (Record)
Denver Nuggets
78%
2007-
08 (PPG)
Amare Stoudemire
77.5%
2004-
05 (PPG)
Amare Stoudemire
77.5%
2003-
04 (PPG)
Paul Pierce
77%
2002-
03 (PPG)
Paul Pierce
77%
2001-
02 (PPG)
Paul Pierce
77%
2000-
01 (Record)
Philadelphia 76ers
77%
2000-
01 (PPG)
Vince Carter
76.4%
2009-
10 (APG)
Rajon Rondo
75.2%
2001-
02 (APG)
Andre Miller
74.8%
2005-
06 (APG)
Chauncey Billups
72.3%
2007-
08 (Record)
New Orleans Hornets
69.7%
2006-
07 (PPG)
Gilbert Arenas
67.9%
2005-
06 (PPG)
Gilbert Arenas
67.9%
2009-
10 (RPG)
Marcus Camby
66.4%
2007-
08 (RPG)
Marcus Camby
66.4%
2006-
07 (RPG)
Marcus Camby
66.4%
2003-
04 (Record)
Minnesota Timberwolves
65.4%
2002-
03 (Record)
Minnesota Timberwolves
65.4%
2006-
07 (APG)
Baron Davis
61.9%
2005-
06 (APG)
Baron Davis
61.9%
2003-
04 (APG)
Baron Davis
61.9%
2001-
02 (APG)
Baron Davis
61.9%
2002-
03 (APG)
John Stockton
59.2%
2001-
02 (APG)
John Stockton
59.2%
2000-
01 (APG)
John Stockton
59.2%
2000-
01 (RPG)
Dikembe Mutombo
59%
2000-
01 (APG)
Mike Bibby
56.6%
2002-
03 (APG)
Gary Payton
56%
2001-
02 (APG)
Gary Payton
56%
2000-
01 (APG)
Gary Payton
56%
2009-
10 (RPG)
Carlos Boozer
55.8%
2006-
07 (RPG)
Carlos Boozer
55.8%
2003-
04 (RPG)
Carlos Boozer
55.8%
2001-
02 (RPG)
Elton Brand
55.8%
2005-
06 (RPG)
Shawn Marion
54.3%
2004-
05 (RPG)
Shawn Marion
54.3%
2000-
01 (PPG)
Jerry Stackhouse
54.3%
2004-
05 (APG)
Stephon Marbury
53.9%
2003-
04 (APG)
Stephon Marbury
53.9%
2002-
03 (APG)
Stephon Marbury
53.9%
2009-
10 (RPG)
David Lee
52.8%
2008-
09 (RPG)
David Lee
52.8%
2007-
08 (RPG)
Tyson Chandler
51.6%
2006-
07 (RPG)
Tyson Chandler
51.6%
2009-
10 (RPG)
Zach Randolph
48.6%
2007-
08 (RPG)
Al Jefferson
48.5%
2003-
04 (PPG)
Peja Stojakovic
48.1%
2008-
09 (PPG)
Danny Granger
47.9%
2006-
07 (PPG)
Michael Redd
43.8%
2008-
09 (RPG)
Emeka Okafor
40.7%
2004-
05 (RPG)
Emeka Okafor
40.7%
2003-
04 (APG)
Sam Cassell
38.7%
2003-
04 (RPG)
Erick Dampier
29.9%
2008-
09 (APG)
Jose Calderon
28.4%
2007-
08 (APG)
Jose Calderon
28.4%
2008-
09 (RPG)
Troy Murphy
27.3%
2004-
05 (RPG)
Troy Murphy
27.3%
2000-
01 (RPG)
Antonio McDyess
23.6%
2005-
06 (APG)
Brevin Knight
18.5%
2004-
05 (APG)
Brevin Knight
18.5%
2002-
03 (RPG)
Brian Grant
14.9%
2001-
02 (RPG)
Danny Fortson
9.5%
2000-
01 (APG)
Nick Van Exel
4.7%
Quiz Playlist
Details
Report
Send in Message
Add To Playlist
Classic:
Type in answers that appear in a list
Last Updated: Feb 16, 2017
Quiz Scoreboard
CHALLENGE
Sign Up to Join the Scoreboard
Show All
Scores
Hide
Comments
May contain spoilers
Recently Published
TV Characters by Other Roles V
by ghcgh
Television
5m
Decade Duel: World Leaders
by jenniferyan
History
4m
Alphabetical 'K' Countries by Flag Minefield
by ylime102
Geography
3m
More to Explore
Quiz From the Vault
Featured Blog Post
15 Basketball Trivia Facts You Can Be March Mad About
hide this ad
You Might Also Like...
Tags
Basketball Quiz
NBA Quiz
2000
2009-2010
record
Today's Top Quizzes in Sports
Browse Sports
hide this ad
Today's Top Quizzes in Basketball
Browse Basketball
Top Contributed Quizzes in Sports
1
MLB 2 truths and a lie: Hall of Fame pitchers
2
Les joueurs à 100 buts en Ligue 1 Uber Eats
3
2022 World Cup Stars
4
Pick 6: NFL Teams
5
Pick 6: Minor League Baseball
6
Millionaire: NBA Finals Edition
7
50+ Goals in European Competition
8
Click the 1998 NBA Draft
9
Pick 6: Olympics
10
Iconic Moments in Football - Multiple Choice
Explore More
Trending Topics
Anime
Harry Potter
Marvel
Disney
NBA
Kpop
Crossword
Song
Pokémon
Country
Soccer
WWE
NFL
Puzzle
The Office
hide this ad
More By:
birdman2188
Quiz
Plays
Rating
Category
Featured
Created
FIFA 19 Player Ratings (Top 50)
56,510
4.64
Gaming
Sep 12, 2018
NBA 1990's
4,017
4.25
Sports
May 12, 2010
Top Rushing Seasons in the 2000's
2,371
4.26
Sports
Dec 24, 2009
FIFA 18 Player Ratings (Top 50)
1,937
5.00
Sports
Sep 12, 2017
Top Receiving Seasons of the 2000's
1,774
4.00
Sports
Dec 25, 2009
Go to Creator's Profile
Score Distribution
Quiz Creator Spotlight
birdman2188
Follow
Send a Message
Quizzes Created
-
Created Quiz Play Count
-
More By This Creator
Popular Quizzes Today
1
Countries of Asia Without Outlines Minefield
2
Find the US States - No Outlines Minefield
3
Pick 6: Fruits
4
The Countries of the World
5
Find the Countries of Europe - No Outlines Minefield
6
Alphabetical 'K' Countries by Flag Minefield
7
Find the US States
8
US States
More Sports Quizzes
Michael Jordan's Top Scoring teammates per season
Editor's Pick
Trending Quizzes
Pick 6: Mountains
Pick 6: Harry Potter
Pick 6: NFL Teams
Pick 6: Flags
C Names for Actors
Recently Updated
Adaptations: Name the Title
pecheneg
NWSL Teams
pecheneg
Women's Final Four Teams by Year
bhenderson79
Presidents Quartet II
eogle
Anything But Clue(do)
eogle
Anything But Oceanian Capitals
eogle
Anything But 7
eogle
Anything But Thing
eogle
Word Ladder: February 29
pecheneg
Song Title Questions
pecheneg
Trending Topics
Harry Potter
Anime
Crossword
NBA
Disney
Kpop
Marvel
Country
Pokémon
Song
Soccer
NFL
The Office
WWE
Puzzle
Your Account Isn't Verified!
In order to create a playlist on Sporcle, you need to verify the email address you used during registration. Go to your
Sporcle Settings
to finish the process.
Report this User
Report this user for behavior that violates our
Community Guidelines
.
Details:
Send Report
Go to the Sporcle.com Mobile Site →
Comments